000 00615cam a22002053a 4500
001 45791
003 PGUSA
005 20140828084049.0
008 140528s2014||||xxu|||||s|||||000 | eng d
040 _aPGUSA
_beng
042 _adc
100 1 _aBrainerd, Eleanor Hoyt,
_d1868-1942
245 1 0 _aIn Vanity Fair :
_bA Tale of Frocks and Femininity
_h[electronic resource] /
_cEleanor Hoyt Brainerd
260 _bProject Gutenberg,
_c2014
506 _aPublic domain in the USA.
516 _aElectronic text
830 0 _aProject Gutenberg
_v45791
856 4 0 _uhttp://www.gutenberg.org/ebooks/45791
942 _cEB
999 _c275041
_d275041